Personnages de GTA V - Statistiques

Statistiques générales
  • Ce quiz a été pris 257 fois
  • Le résultat moyen est 14 sur 29
Statistiques - réponses
Par images Réponse % Correct
Trevor Philips
98%
Franklin Clinton
97%
Lester Crest
95%
Michael De Santa
94%
Lamar Davis
86%
James De Santa
82%
Amanda De Santa
80%
Ron Jakowski
63%
Dave Norton
56%
Martin Madrazo
56%
Simeon Yetarian
56%
Tracey De Santa
54%
Devin Weston
40%
Wade Hebert
40%
Denise Clinton
38%
Steve Haines
36%
Tanisha Jackson
36%
Bradley Sinder
33%
Lazlow Jones
32%
Maude Eccles
32%
Tao Cheng
28%
Solomon Richards
26%
Fabien LaRouche
24%
Patricia Madrazo
23%
Molly Schultz
21%
Floyd Hebert
20%
Dr. Isiah Friedlander
16%
Cletus Ewing
9%
Mrs. Philips
1%
Aucun quiz correspondant
Distribution des résultats
% des personnes avec chaque résultat
Percentile par nombre de réponses
Votre historique - résultats
Vous n’avez pas pris ce quiz